[Event "I. Sinus Accompanying Tournament"]
[Site "Budapest"]
[Date "2010.08.18"]
[Round "5"]
[White "Zoldy, Robert"]
[Black "Kasparova, Tatiana"]
[Result "1/2-1/2"]
[WhiteElo "1973"]
[BlackElo "2167"]
[PlyCount "87"]
[EventDate "2010.08.14"]
[EventType "tourn"]
[EventRounds "9"]
[EventCountry "HUN"]
[SourceDate "2010.08.14"]

1. e4 c6 2. d4 d5 3. e5 Bf5 4. Nf3 e6 5. Be2 Nd7 6. O-O Ne7 7. c3 h6 8. Na3 g5
9. Nc2 Bg7 10. Ne3 Bh7 11. b3 O-O 12. Ba3 c5 13. Bd3 Bxd3 14. Qxd3 Rc8 15. h4
Ng6 16. hxg5 hxg5 17. g3 f5 18. Kg2 g4 19. Nh2 Qg5 20. Bc1 f4 21. Nexg4 f3+ 22.
Qxf3 Rxf3 23. Bxg5 Rxc3 24. dxc5 Ndxe5 25. Rac1 R8xc5 26. Rxc3 Rxc3 27. Rc1 d4
28. Kf1 Nd3 29. Rxc3 dxc3 30. Ke2 Nb4 31. a4 c2 32. Bc1 Ne7 33. Kd2 Ned5 34.
Ba3 Kf7 35. Nf1 Bc3+ 36. Kc1 Be1 37. Ne5+ Kf6 38. f4 Kf5 39. Nc4 Ke4 40. Nfd2+
Bxd2+ 41. Kxd2 Kf3 42. Nd6 Kxg3 43. f5 exf5 44. Nxf5+ 1/2-1/2

[Event "I. Sinus Accompanying Tournament"]
[Site "Budapest"]
[Date "2010.08.19"]
[Round "6"]
[White "Antal, Attila dr."]
[Black "Kasparova, Tatiana"]
[Result "1/2-1/2"]
[WhiteElo "2095"]
[BlackElo "2167"]
[PlyCount "68"]
[EventDate "2010.08.14"]
[EventType "tourn"]
[EventRounds "9"]
[EventCountry "HUN"]
[SourceDate "2010.08.14"]

1. e4 d6 2. d4 Nf6 3. Nc3 e5 4. dxe5 dxe5 5. Qxd8+ Kxd8 6. f4 Bb4 7. Bd3 exf4
8. Bxf4 Be6 9. Nge2 Nbd7 10. h3 Kc8 11. O-O-O Nc5 12. a3 Nxd3+ 13. cxd3 Be7 14.
Nb5 Bd8 15. Kb1 Bd7 16. Nbc3 Be6 17. Rc1 a6 18. Na4 Nd7 19. d4 b5 20. Nc5 Nxc5
21. Rxc5 Bc4 22. Nc1 Be6 23. d5 Bd7 24. Nd3 f6 25. Bxc7 Re8 26. Bg3+ Kb7 27.
Rc3 Bb6 28. Nc5+ Bxc5 29. Rxc5 Rac8 30. Rxc8 Rxc8 31. b3 Rc3 32. Bd6 Rxb3+ 33.
Ka2 Rc3 34. Kb2 Rc8 1/2-1/2

[Event "I. Sinus Accompanying Tournament"]
[Site "Budapest"]
[Date "2010.08.19"]
[Round "6"]
[White "Bubenko, Jozsef"]
[Black "Vargyas, Zoltan"]
[Result "0-1"]
[WhiteElo "2070"]
[BlackElo "2174"]
[PlyCount "51"]
[EventDate "2010.08.14"]
[EventType "tourn"]
[EventRounds "9"]
[EventCountry "HUN"]
[SourceDate "2010.08.14"]

1. d4 g6 2. c4 Nf6 3. Nf3 Bg7 4. g3 O-O 5. Bg2 d6 6. O-O Nc6 7. Nc3 a6 8. Bg5
h6 9. Bf4 Rb8 10. d5 Na5 11. Qa4 c5 12. b4 Nh5 13. Rac1 Nxf4 14. gxf4 cxb4 15.
Qxb4 Bg4 16. Rfe1 Qc7 17. Na4 b6 18. e3 Rfc8 19. Nd2 b5 20. cxb5 Qxc1 21. Rxc1
Rxc1+ 22. Nf1 Rxb5 23. Qd2 Rc4 24. Nb6 Bc3 25. Nxc4 Bxd2 26. Ncxd2 0-1

[Event "I. Sinus Accompanying Tournament"]
[Site "Budapest"]
[Date "2010.08.19"]
[Round "6"]
[White "Kormos, Adam"]
[Black "Horvath, Kalman"]
[Result "1-0"]
[WhiteElo "2219"]
[BlackElo "2002"]
[PlyCount "75"]
[EventDate "2010.08.14"]
[EventType "tourn"]
[EventRounds "9"]
[EventCountry "HUN"]
[SourceDate "2010.08.14"]

1. e4 a6 2. d4 g6 3. Nf3 Bg7 4. a4 c6 5. Nc3 d5 6. e5 f6 7. Bf4 Nh6 8. Qd2 Nf7
9. Bd3 Bg4 10. Qe3 Bxf3 11. exf6 Bxf6 12. gxf3 Qb6 13. Ne2 Nd7 14. a5 Qd8 15.
Qe6 Nf8 16. Qe3 Qd7 17. Be5 Nxe5 18. dxe5 Bg7 19. f4 Rd8 20. c3 Qc7 21. h4 c5
22. h5 d4 23. Qg3 Qc6 24. Rg1 dxc3 25. Nxc3 Ne6 26. Be4 Qc8 27. hxg6 h6 28. f5
Ng5 29. Bc2 O-O 30. f4 Rxf5 31. Bxf5 Qxf5 32. fxg5 Rd3 33. Qf2 Qxe5+ 34. Kf1
Rd8 35. Qf7+ Kh8 36. gxh6 Rf8 37. hxg7+ Qxg7 38. Rh1+ 1-0

[Event "I. Sinus Accompanying Tournament"]
[Site "Budapest"]
[Date "2010.08.19"]
[Round "6"]
[White "Szatmari, David"]
[Black "Zoldy, Robert"]
[Result "0-1"]
[WhiteElo "1911"]
[BlackElo "1973"]
[PlyCount "80"]
[EventDate "2010.08.14"]
[EventType "tourn"]
[EventRounds "9"]
[EventCountry "HUN"]
[SourceDate "2010.08.14"]

1. e4 e5 2. Nf3 Nf6 3. d4 Nxe4 4. Bd3 Nc6 5. d5 Nc5 6. dxc6 e4 7. Bc4 exf3 8.
cxd7+ Nxd7 9. Qxf3 Ne5 10. Qe2 Qe7 11. Bb3 Bg4 12. f3 Bd7 13. Bf4 f6 14. Nc3
O-O-O 15. O-O-O g5 16. Nd5 Qg7 17. Nxf6 gxf4 18. Qxe5 Bd6 19. Rxd6 cxd6 20.
Qxd6 Bh3 21. Qc5+ Kb8 22. Qe5+ Ka8 23. gxh3 Rhe8 24. Be6 Qg2 25. Rd1 Rxd1+ 26.
Kxd1 Qxf3+ 27. Kd2 Qe3+ 28. Qxe3 fxe3+ 29. Kxe3 Rxe6+ 30. Ne4 Rh6 31. Ng5 Rh4
32. Nf3 Rxh3 33. c4 Kb8 34. b4 Kc7 35. Kf4 Rh6 36. a4 Rb6 37. b5 Rf6+ 38. Ke4
Kb6 39. Nd4 Kc5 40. Kd3 Rd6 0-1

[Event "I. Sinus Accompanying Tournament"]
[Site "Budapest"]
[Date "2010.08.19"]
[Round "6"]
[White "Yip, Michael"]
[Black "Gruz, Janos"]
[Result "1-0"]
[WhiteElo "2058"]
[BlackElo "1933"]
[PlyCount "73"]
[EventDate "2010.08.14"]
[EventType "tourn"]
[EventRounds "9"]
[EventCountry "HUN"]
[SourceDate "2010.08.14"]

1. c4 e6 2. Nf3 f5 3. d4 c6 4. g3 d5 5. b3 Nf6 6. Bg2 Bd6 7. O-O O-O 8. Ba3
Bxa3 9. Nxa3 Qe7 10. Nc2 Bd7 11. Nce1 Be8 12. Nd3 Bh5 13. Nfe5 Nbd7 14. Nxd7
Nxd7 15. Qc2 Bg6 16. Qc3 Nf6 17. Qb2 Rad8 18. e3 Ne4 19. f3 Nf6 20. c5 Nd7 21.
f4 Nf6 22. b4 a6 23. a4 Be8 24. Bf3 Ne4 25. Ne5 Bd7 26. Kg2 g5 27. Qe2 g4 28.
Bxe4 dxe4 29. Rh1 Kg7 30. h3 gxh3+ 31. Rxh3 Rf6 32. Rah1 Rh8 33. g4 Be8 34. g5
Rff8 35. Rh6 Bg6 36. d5 Rfg8 37. d6 1-0

[Event "I. Sinus Accompanying Tournament"]
[Site "Budapest"]
[Date "2010.08.20"]
[Round "7"]
[White "Gruz, Janos"]
[Black "Antal, Attila dr."]
[Result "1-0"]
[WhiteElo "1933"]
[BlackElo "2095"]
[PlyCount "85"]
[EventDate "2010.08.14"]
[EventType "tourn"]
[EventRounds "9"]
[EventCountry "HUN"]
[SourceDate "2010.08.14"]

1. d4 d5 2. Nf3 Nf6 3. Bf4 e6 4. e3 Bd6 5. Bg3 O-O 6. Bd3 c5 7. c3 Nc6 8. Nbd2
b6 9. Ne5 Bb7 10. f4 c4 11. Bc2 b5 12. Bh4 Be7 13. O-O Ne8 14. Bxe7 Qxe7 15.
Qh5 f5 16. Ndf3 Nf6 17. Qh3 Nxe5 18. dxe5 Nd7 19. Nd4 a6 20. g4 g6 21. gxf5
exf5 22. Qg3 Kh8 23. h4 Nc5 24. Kf2 Ne4+ 25. Bxe4 fxe4 26. Qg5 Qxg5 27. hxg5
Rae8 28. Kg3 Bc8 29. Rh1 Bd7 30. Rh6 Kg7 31. Rd1 Re7 32. Rh2 Rd8 33. Rhd2 Ra8
34. Nc2 Be6 35. Nb4 Rd7 36. Rd4 a5 37. Nxd5 Bxd5 38. Rxd5 Rxd5 39. Rxd5 b4 40.
Rd4 Rb8 41. Rxc4 bxc3 42. b3 a4 43. Rxc3 1-0

[Event "I. Sinus Accompanying Tournament"]
[Site "Budapest"]
[Date "2010.08.20"]
[Round "7"]
[White "Horvath, Kalman"]
[Black "Yip, Michael"]
[Result "1-0"]
[WhiteElo "2002"]
[BlackElo "2058"]
[PlyCount "63"]
[EventDate "2010.08.14"]
[EventType "tourn"]
[EventRounds "9"]
[EventCountry "HUN"]
[SourceDate "2010.08.14"]

1. e4 e6 2. d4 d5 3. Nd2 dxe4 4. Nxe4 Nd7 5. g3 Ngf6 6. Nxf6+ Nxf6 7. Bg2 c5 8.
Ne2 cxd4 9. Qxd4 Qxd4 10. Nxd4 Bd6 11. O-O a6 12. Rd1 Bc7 13. b3 O-O 14. Bb2
Rb8 15. c4 Re8 16. Nc2 Nd7 17. Ne3 f6 18. Bc3 Kf7 19. Rd2 Be5 20. Bxe5 Nxe5 21.
f4 Ng6 22. c5 Re7 23. Nc4 Rc7 24. b4 Ke7 25. Re1 f5 26. Nb6 Kf7 27. Rd8 Ne7 28.
Red1 a5 29. a3 axb4 30. axb4 Nc6 31. Bxc6 bxc6 32. Rh8 1-0

[Event "I. Sinus Accompanying Tournament"]
[Site "Budapest"]
[Date "2010.08.20"]
[Round "7"]
[White "Kasparova, Tatiana"]
[Black "Szatmari, David"]
[Result "0-1"]
[WhiteElo "2167"]
[BlackElo "1911"]
[PlyCount "102"]
[EventDate "2010.08.14"]
[EventType "tourn"]
[EventRounds "9"]
[EventCountry "HUN"]
[SourceDate "2010.08.14"]

1. e4 e6 2. d3 d5 3. Nd2 Nf6 4. Ngf3 c5 5. g3 Nc6 6. Bg2 Bd6 7. O-O O-O 8. Re1
Qc7 9. Qe2 dxe4 10. Nxe4 Nxe4 11. Qxe4 Nb4 12. Ng5 f5 13. Qe2 Re8 14. b3 h6 15.
Nh3 Bd7 16. Nf4 e5 17. Nd5 Nxd5 18. Bxd5+ Be6 19. Bf3 Rad8 20. Bb2 Bf7 21. Bg2
Re7 22. Qf3 Bg6 23. Rad1 Rde8 24. a4 Kh7 25. h4 h5 26. Qe2 e4 27. dxe4 fxe4 28.
Qe3 c4 29. Bd4 cxb3 30. cxb3 Bb4 31. Rc1 Qa5 32. Red1 a6 33. Bc5 Bxc5 34. Rxc5
Qb4 35. Rc4 Qa5 36. Rc5 Qb4 37. Rg5 Bf7 38. Rd4 Qxb3 39. Bxe4+ Rxe4 40. Qxb3
Bxb3 41. Rd7 R8e7 42. Rxh5+ Kg6 43. Rg5+ Kf7 44. Rd8 Bxa4 45. Kg2 Bc6 46. f3
Re2+ 47. Kh3 R7e5 48. Rxe5 Rxe5 49. Kg4 a5 50. f4 Re8 51. Rd3 a4 0-1

[Event "I. Sinus Accompanying Tournament"]
[Site "Budapest"]
[Date "2010.08.20"]
[Round "7"]
[White "Vargyas, Zoltan"]
[Black "Kormos, Adam"]
[Result "0-1"]
[WhiteElo "2174"]
[BlackElo "2219"]
[PlyCount "162"]
[EventDate "2010.08.14"]
[EventType "tourn"]
[EventRounds "9"]
[EventCountry "HUN"]
[SourceDate "2010.08.14"]

1. d4 Nf6 2. c4 g6 3. Nc3 d5 4. Bg5 Ne4 5. Bh4 Nxc3 6. bxc3 Bg7 7. e3 c5 8.
cxd5 Qxd5 9. Qf3 Qxf3 10. Nxf3 a6 11. Rc1 Be6 12. c4 cxd4 13. exd4 Bf5 14. Be2
Nc6 15. d5 Nb4 16. O-O Nxa2 17. Rce1 Bc3 18. Bd1 g5 19. Bxg5 f6 20. Bd2 Kf7 21.
Bxc3 Nxc3 22. Nd4 Bg6 23. Bg4 Rhc8 24. Be6+ Kf8 25. Bxc8 Rxc8 26. d6 exd6 27.
Re6 Rxc4 28. Rxf6+ Kg7 29. Rxd6 Rxd4 30. Rxd4 Ne2+ 31. Kh1 Nxd4 32. Rd1 Ne6 33.
Rd7+ Kf6 34. Rxb7 Ke5 35. Ra7 Bd3 36. Kg1 Kd6 37. f3 Kc6 38. Kf2 Nc7 39. Ke3
Bg6 40. g4 Kb6 41. Rxa6+ Nxa6 42. f4 Kc6 43. f5 Be8 44. Kf4 Kd6 45. Kg5 Ke5 46.
Kh6 Kf6 47. Kxh7 Nc5 48. h4 Ne4 49. Kh6 Nf2 50. g5+ Kxf5 51. Kg7 Kg4 52. Kh6
Kxh4 53. g6 Ng4+ 54. Kh7 Kg5 55. g7 Nf6+ 56. Kh8 Bf7 57. g8=Q+ Nxg8 58. Kg7 Be6
59. Kh7 Kf6 60. Kh8 Ne7 61. Kh7 Ng6 62. Kh6 Bg8 63. Kh5 Ne5 64. Kh4 Kf5 65. Kg3
Ke4 66. Kh4 Kf5 67. Kg3 Ng4 68. Kf3 Bc4 69. Kg3 Bd5 70. Kh4 Kf4 71. Kh5 Bf7+
72. Kh4 Be8 73. Kh3 Ne3 74. Kh4 Ng2+ 75. Kh3 Kf3 76. Kh2 Kf2 77. Kh3 Bd7+ 78.
Kh2 Ne3 79. Kh1 Bc8 80. Kh2 Nf1+ 81. Kh1 Bb7# 0-1

[Event "I. Sinus Accompanying Tournament"]
[Site "Budapest"]
[Date "2010.08.20"]
[Round "7"]
[White "Zoldy, Robert"]
[Black "Bubenko, Jozsef"]
[Result "1/2-1/2"]
[WhiteElo "1973"]
[BlackElo "2070"]
[PlyCount "28"]
[EventDate "2010.08.14"]
[EventType "tourn"]
[EventRounds "9"]
[EventCountry "HUN"]
[SourceDate "2010.08.14"]

1. Nf3 d5 2. b3 Nf6 3. Bb2 g6 4. e3 Bg7 5. c4 c6 6. d4 O-O 7. Bd3 Ne4 8. Nbd2
f5 9. O-O Nd7 10. Qc2 Ndf6 11. Ne5 Bd7 12. f3 Ng5 13. Rf2 Nf7 14. Raf1 Rc8
1/2-1/2

[Event "I. Sinus Accompanying Tournament"]
[Site "Budapest"]
[Date "2010.08.21"]
[Round "8"]
[White "Antal, Attila dr."]
[Black "Szatmari, David"]
[Result "1-0"]
[WhiteElo "2095"]
[BlackElo "1911"]
[PlyCount "93"]
[EventDate "2010.08.14"]
[EventType "tourn"]
[EventRounds "9"]
[EventCountry "HUN"]
[SourceDate "2010.08.14"]

1. e4 e5 2. Nf3 Nc6 3. Bc4 Bc5 4. c3 Nf6 5. d3 a6 6. O-O Ba7 7. Bg5 h6 8. Bh4
g5 9. Bg3 d6 10. b4 Bg4 11. Nbd2 Nh5 12. Re1 Qf6 13. a4 Nxg3 14. hxg3 h5 15. b5
Na5 16. bxa6 h4 17. axb7 Rb8 18. gxh4 Rxh4 19. Qb1 Bxf3 20. Nxf3 Rg4 21. Kf1
Rxb7 22. Bb5+ Ke7 23. d4 Qh6 24. Qd3 Qh1+ 25. Ke2 Qh7 26. dxe5 Rxg2 27. exd6+
cxd6 28. Nd4 Qh5+ 29. Qf3 Qh2 30. Rh1 g4 31. Rxh2 gxf3+ 32. Nxf3 Rxh2 33. Nxh2
Rc7 34. c4 Nb3 35. Rf1 Nd4+ 36. Kd3 Ke6 37. f4 f5 38. Nf3 Nxf3 39. Rxf3 Re7 40.
Rh3 fxe4+ 41. Kxe4 Rf7 42. Rh6+ Ke7 43. f5 Bc5 44. Re6+ Kd8 45. f6 Rh7 46. Kd5
Rf7 47. Re8+ 1-0

[Event "I. Sinus Accompanying Tournament"]
[Site "Budapest"]
[Date "2010.08.21"]
[Round "8"]
[White "Gruz, Janos"]
[Black "Horvath, Kalman"]
[Result "1/2-1/2"]
[WhiteElo "1933"]
[BlackElo "2002"]
[PlyCount "22"]
[EventDate "2010.08.14"]
[EventType "tourn"]
[EventRounds "9"]
[EventCountry "HUN"]
[SourceDate "2010.08.14"]

1. d4 d5 2. Nf3 c6 3. Bf4 Nf6 4. e3 Nbd7 5. c3 g6 6. Nbd2 Bg7 7. Ne5 Nxe5 8.
Bxe5 O-O 9. Bd3 Ne8 10. Bxg7 Kxg7 11. O-O Nf6 1/2-1/2

[Event "I. Sinus Accompanying Tournament"]
[Site "Budapest"]
[Date "2010.08.21"]
[Round "8"]
[White "Kormos, Adam"]
[Black "Zoldy, Robert"]
[Result "1/2-1/2"]
[WhiteElo "2219"]
[BlackElo "1973"]
[PlyCount "124"]
[EventDate "2010.08.14"]
[EventType "tourn"]
[EventRounds "9"]
[EventCountry "HUN"]
[SourceDate "2010.08.14"]

1. e4 e5 2. Nf3 Nc6 3. Bb5 a6 4. Ba4 Nf6 5. O-O Be7 6. Qe2 b5 7. Bb3 O-O 8. c3
d6 9. d4 exd4 10. cxd4 d5 11. e5 Ne4 12. Nc3 Nxc3 13. bxc3 Bf5 14. Bc2 Bxc2 15.
Qxc2 Na5 16. Qf5 Qc8 17. Qh5 Qe6 18. Bg5 h6 19. Bxe7 Qxe7 20. Nh4 Qg5 21. Qxg5
hxg5 22. Nf5 Kh7 23. f4 gxf4 24. Rxf4 Rae8 25. Rg4 g6 26. Rh4+ Kg8 27. Ne3 f6
28. Ng4 fxe5 29. Nxe5 Re6 30. Rg4 Kg7 31. h4 Nc4 32. Nxc4 bxc4 33. h5 Rb8 34.
Rxg6+ Rxg6 35. hxg6 Rb2 36. a4 Kxg6 37. Re1 Kf7 38. Kh2 Ra2 39. Kh3 Rxa4 40. g4
Ra3 41. Re3 c5 42. dxc5 d4 43. Re4 Rxc3+ 44. Kh4 Re3 45. Rxd4 Re6 46. Rxc4 Rc6
47. Kg5 a5 48. Kf5 a4 49. Ke5 a3 50. Kd5 Ra6 51. Rc1 a2 52. Ra1 Ke7 53. g5 Kd8
54. Kc4 Rg6 55. Kb5 Rxg5 56. Rxa2 Rg6 57. Ra7 Kc8 58. Rh7 Rf6 59. Rh2 Rg6 60.
Rb2 Kc7 61. Ka5 Rg5 62. Rb5 Rg6 1/2-1/2

[Event "I. Sinus Accompanying Tournament"]
[Site "Budapest"]
[Date "2010.08.21"]
[Round "8"]
[White "Yip, Michael"]
[Black "Vargyas, Zoltan"]
[Result "1-0"]
[WhiteElo "2058"]
[BlackElo "2174"]
[PlyCount "127"]
[EventDate "2010.08.14"]
[EventType "tourn"]
[EventRounds "9"]
[EventCountry "HUN"]
[SourceDate "2010.08.14"]

1. c4 Nf6 2. Nf3 e6 3. g3 d5 4. Bg2 Be7 5. O-O O-O 6. b3 a5 7. Bb2 a4 8. d3 a3
9. Bc3 Nc6 10. Qc2 d4 11. Bd2 h6 12. e4 e5 13. Ne1 Kh7 14. Qc1 g5 15. c5 Bg4
16. f3 Be6 17. Nxa3 Nd7 18. b4 Ra4 19. Nec2 b6 20. cxb6 cxb6 21. Qb2 Qa8 22.
Rfb1 Nxb4 23. Bxb4 Bxb4 24. Nb5 Bd2 25. Nc7 Qc6 26. Nxe6 Qxe6 27. Qb3 Qc6 28.
Rd1 Nc5 29. Qd5 Qxd5 30. exd5 Bc3 31. Rab1 Rxa2 32. Nb4 Bxb4 33. Rxb4 Rb8 34.
Bh3 Kg6 35. Rdb1 Ra6 36. Rb5 Na4 37. Ra1 f5 38. d6 Kf6 39. d7 Rd8 40. Rxa4 Rxa4
41. Rxb6+ Ke7 42. Bxf5 Rxd7 43. Rxh6 Rd5 44. Kg2 Ra2+ 45. Kh3 Rd6 46. Rh7+ Kf6
47. Kg4 Rf2 48. Be4 Re2 49. h3 Rh2 50. Rh5 Rd8 51. Rxg5 Ke6 52. h4 Rf8 53. Rg6+
Rf6 54. Rg7 Rf8 55. Kg5 Rf6 56. g4 Rh3 57. h5 Rhxf3 58. Bxf3 Rxf3 59. h6 Rh3
60. h7 Kd5 61. Kg6 e4 62. dxe4+ Kxe4 63. Rg8 d3 64. h8=Q 1-0